| 000 | 00690cab a2200241 4500 | ||
|---|---|---|---|
| 001 | ABS50518 | ||
| 008 | 090401t1994 xxu||||| |||| 00| 0 eng d | ||
| 035 | _a(Sirsi) u76303 | ||
| 041 | _aeng | ||
| 100 | _aHeath, G. | ||
| 245 | _aClause for thought | ||
| 260 | _c1994 | ||
| 350 | _a0 | ||
| 490 |
_aValuer (ISVA) _vMarch 1994, 8(1) |
||
| 520 | _aAn outline of the law of confidentiality and the obligations between landlord and tenant and agent. | ||
| 650 | _aAGENCY | ||
| 650 | _aBREACH OF CONFIDENCE | ||
| 650 | _aCONFIDENTIALITY CLAUSES | ||
| 650 | _aCONFIDENTIALITY | ||
| 690 | _aMANAGEMENT-BUSINESS MANAGEMENT-PROFESSIONAL PRACTICE | ||
| 942 | _n0 | ||
| 948 | _c04/03/1997 | ||
| 999 |
_c48012 _d48012 |
||